书目信息 |
| 题名: |
家禽病害防治手册
|
|
| 作者: | 谢仍学 编 | |
| 分册: | ||
| 出版信息: | 北京 中华书局 1954.04 |
|
| 页数: | 100页 | |
| 开本: | 19cm | |
| 丛书名: | ||
| 单 册: | ||
| 中图分类: | S858.3-62 | |
| 科图分类: | ||
| 主题词: | 兽医学 | |
| 电子资源: | ||
| ISBN: | ||
| 000 | 00616nam0 2200217 450 | |
| 001 | 0837888043 | |
| 005 | 20080925103536.14 | |
| 010 | @dCNY0.54 | |
| 100 | @a20080925d1954 km y0chiy0120 ea | |
| 101 | 0 | @achi |
| 102 | @aCN@b310000 | |
| 102 | @aCN@b110000 | |
| 200 | 1 | @a家禽病害防治手册@Ajia qin bing hai fang zhi shou ce@f谢仍学编@Fxie reng xue bian |
| 210 | @a北京@c中华书局@d1954.04 | |
| 215 | @a100页@d19cm | |
| 300 | @a工农技术人员手册 | |
| 606 | 0 | @a兽医学 |
| 690 | @aS858.3-62@v4 | |
| 701 | 0 | @a谢仍学@Axie reng xue@4编 |
| 801 | 0 | @aCN@b大连网信软件有限公司图书馆·11@c20080925 |
| 905 | @aBZT@dS858.3-62@e3 | |
| 家禽病害防治手册/谢仍学编.-北京:中华书局,1954.04 |
| 100页;19cm |
| 工农技术人员手册 |
| ISBN :CNY0.54 |
| ● |
| 相关链接 |
|
|
|
正题名:家禽病害防治手册
索取号:S858.3-62/3
 
预约/预借
| 序号 | 登录号 | 条形码 | 馆藏地/架位号 | 状态 | 备注 |
| 1 | 028647 | 201265479 | 中心书库中库/ 中库031架A面5列1层35/ [索取号:S858.3-62/3] | 在馆 |